| 000 | 00656cam a2200229 i 4500 | ||
|---|---|---|---|
| 020 | _a0070265704 | ||
| 040 | _cDLC | ||
| 082 | 0 | 0 | _a582 MCG 1979 A059 Or. |
| 100 | 1 | _aHarlow, William Morehouse, | |
| 245 | 1 | 0 | _aTextbook of dendrology, covering the important forest trees of the United States and Canada / |
| 250 | _a6th ed. | ||
| 260 |
_aNew York : _bMcGraw-Hill, _cc1979. |
||
| 300 |
_axv, 510 p. : _bill. ; _c24 cm. |
||
| 490 | 0 | _aMcGraw-Hill series in forest resources | |
| 650 | 0 | _aTrees | |
| 650 | 0 | _aTrees | |
| 650 | 0 | _aForest plants | |
| 650 | 0 | _aForest plants | |
| 700 | 1 | _aHarrar, Ellwood S. | |
| 700 | 1 | _aWhite, Fred M., | |
| 942 | _cEK | ||
| 999 |
_c14136 _d14136 |
||